000 00604nam a2200181 a 4500
008 120416s1987 ||||||||||||||||| || u
020 _a0070521425
050 _aQC 21.2 Buc
100 _aBuckwalter, Gary L
245 1 0 _aCollege physics
260 _aNew York:
_bMcGraw-Hill
_c1987
300 _axvii, 839, 26, 21 p. : ill. (some col.)
350 _a0.00
650 0 _aPHYSICS
650 _aPHYSICS--STUDY AND TEACHING
700 _aRiban, David M
995 _D0.00
_FCBU-MAIN LIBRARY (Kitwe)
_H1
_I0.00
_M1
_UAVAILABLE
_WDec 7, 2007
_ZShort Loan Collection
999 _c37701
_d37701